Putešestvije Chamfri Klinkera : roman /

Hlavní autor: Smollett, Tobias George, 1721-1771
Jazyk: Ruština
Vydáno: Moskva : Goslitizdat, 1953
Fyzický popis: 438 s.
Knihy
Uloženo v:
LEADER 00619nam a22002052a 4500
001 001456134
003 CZ BrMZK
005 20150824100514.0
007 ta
008 150213s1953 ru er|||||||||||rus d
040 |a BOA001  |b cze 
100 1 |a Smollett, Tobias George,  |d 1721-1771  |7 jn19990008051  |4 aut 
245 1 0 |a Putešestvije Chamfri Klinkera :  |b roman /  |c Tobias George Smollett 
260 |a Moskva :  |b Goslitizdat,  |c 1953 
300 |a 438 s. 
910 |a BOA001  |b 2-0318.351 
990 |a BK 
993 |a Y 
991 |b 201502 
996 7 |b 2618812560  |c 2-0318.351  |l MZK  |r Sklad / do 24 hodin  |n 0  |w 001491281  |u 000010  |a 1  |e BOA001  |j MZK50  |s A